000 00387nam a2200157Ia 4500
003 0STCL
008 150530s9999 xx 000 0 und d
040 _aSTCL
_cSTCL
100 _aWhitman, W.; Sastri, P.S.; Ed
245 _aWalt Whitman:selected poems
260 _bLakshmi Narain Agarwal
_c1960
546 _aEnglish
942 _2ddc
_cBK
999 _c67140
_d67140
005 20220125171338.0